Enduring Image : Treasures From The British Museum (Record no. 8552)

MARC details
000 -LEADER
fixed length control field 00383nam a2200145Ia 4500
008 - FIXED-LENGTH DATA ELEMENTS--GENERAL INFORMATION
fixed length control field 220803s9999 xx 000 0 und d
020 ## - INTERNATIONAL STANDARD BOOK NUMBER
International Standard Book Number 0 86357 372 9
041 ## - LANGUAGE CODE
Language code of text/sound track or separate title eng
082 ## - DEWEY DECIMAL CLASSIFICATION NUMBER
Classification number 701.8 BLU
100 ## - MAIN ENTRY--PERSONAL NAME
Personal name Blurton T R Ed.
9 (RLIN) 9646
245 ## - TITLE STATEMENT
Title Enduring Image : Treasures From The British Museum
260 ## - PUBLICATION, DISTRIBUTION, ETC. (IMPRINT)
Place of publication, distribution, etc. New Delhi
Name of publisher, distributor, etc. British Council
Date of publication, distribution, etc. 1998
300 ## - PHYSICAL DESCRIPTION
Extent 240p
650 ## - SUBJECT ADDED ENTRY--TOPICAL TERM
Topical term or geographic name as entry element Art
9 (RLIN) 9647
Holdings
Withdrawn status Lost status Damaged status Not for loan Collection code Home library Current library Shelving location Date acquired Vendor Cost, normal purchase price Total Checkouts Full call number Barcode Date last seen Cost, replacement price Bill Date Koha item type Original Barcode
        Book of B Arch Dr. Bhanuben Nanavati College of Architecture Dr. Bhanuben Nanavati College of Architecture   20/09/1994 Veena Book Centre 1373.00   701.8 BLU BNCA-BK-120 03/08/2022 1615.00 20/09/1994 Books B000120